00490nam a22001817a 45000050016000000100013000160200023000290350013000520370009000650820010000741000016000842450046001002600036001462700052001823000021002345000050002557000003003052010072205365.0 aG-001714 c350.00a8188568133 aG-001714 bGift a793.4 aDatta, A.K. aGames & stunts for children /cA.K. Datta aNew DelhibKnowledge Plusc2009 a6/15, Punjabi Bagh ExtensionbNew Delhie110026 a183p.c23cm (Hb) aIncludes bibliographical references and index